000 00554nam a2200229Ia 4500
003 OSt
005 20220918194712.0
006 a|||||r|||| 00| 0
007 ta
008 220917b |||||||| |||| 00| 0 eng d
024 _a81,079
037 _cTextual
040 _aARTS
_cARTS
_beng
041 _2eng
_aeng
082 _aS:86, H9
100 _aPenrose Lionel S
_986491
245 0 _aBiology of mental defect
260 _c1949
650 _aPSYCHOLOGY
942 _hS:86, H9
_cTEXL
_2CC
999 _c204801
_d204801